|
|
|
|
| LEADER |
01550nam a22003617a 4500 |
| 001 |
33692 |
| 003 |
BD-DhAAL |
| 005 |
20180814154703.0 |
| 008 |
180814r20182001enk b 001 0 eng d |
| 999 |
|
|
|c 39352
|d 39352
|
| 010 |
|
|
|a 00111549
|
| 015 |
|
|
|a GBA1-Z7455
|
| 020 |
|
|
|a 9781138635685
|
| 020 |
|
|
|a 0754617122
|
| 035 |
|
|
|a (OCoLC)ocm45735262
|
| 040 |
|
|
|a UKM
|c UKM
|d MIA
|d DLC
|d BD-DhAAL
|
| 042 |
|
|
|a lccopycat
|
| 043 |
|
|
|a d------
|
| 050 |
0 |
0 |
|a LB2331.65.D44
|b L56 2001
|
| 082 |
0 |
0 |
|a 378.0091724
|2 21
|
| 100 |
1 |
|
|a Lim, David.
|9 27922
|
| 245 |
1 |
0 |
|a Quality assurance in higher education :
|b a study of developing countries /
|c David Lim.
|
| 246 |
|
|
|a Quality assurance in higher education
|
| 260 |
|
|
|a Aldershot, Hants, England ;
|a Burlington, VT :
|b Ashgate,
|c c2001 [reissued 2018]
|
| 300 |
|
|
|a xii, 173 pages ;
|c 22 cm.
|
| 504 |
|
|
|a Includes bibliographical references (pages 165-169) and index.
|
| 526 |
|
|
|a IQAC
|
| 541 |
|
|
|a Karim International
|e 33692
|
| 650 |
|
0 |
|a Education, Higher
|z Developing countries
|x Evaluation.
|9 27923
|
| 650 |
|
0 |
|a Education, Higher
|x Standards
|z Developing countries.
|9 27924
|
| 852 |
|
|
|a Ayesha Abed Library
|c General Stacks
|
| 942 |
|
|
|2 ddc
|c BK
|
| 952 |
|
|
|0 0
|1 0
|2 ddc
|4 0
|6 378_009172400000000_LIM
|7 0
|9 64246
|a BRACUL
|b BRACUL
|c GEN
|d 2018-08-09
|e Karim International
|g 6200.00
|l 1
|o 378.0091724 LIM
|p 3010033692
|r 2022-05-22
|s 2019-04-17
|t 1
|v 6200.00
|w 2018-08-09
|y BK
|x The book was placed on a one-hour loan, but since it's not in high demand now, it has been moved to the General Stacks on 23 October 2025.
|